Diccionario del cine / (Record no. 109562)

MARC details
000 -LEADER
campo de control de longitud fija 00599nam a2200205 i 4500
001 - NÚMERO DE CONTROL
campo de control 109562
003 - IDENTIFICADOR DE NÚMERO DE CONTROL
campo de control ES-MaACL
005 - FECHA Y HORA DE LA ÚLTIMA TRANSACCIÓN
campo de control 20230906184852.0
007 - CAMPO FIJO DE DESCRIPCIÓN FÍSICA--INFORMACIÓN GENERAL
campo de control de longitud fija t|
008 - DATOS DE LONGITUD FIJA--INFORMACIÓN GENERAL
campo de control de longitud fija 061121s1970 sp f d |||| | spa d
080 ## - NÚMERO DE LA CLASIFICACIÓN DECIMAL UNIVERSAL
Número de la Clasificación Decimal Universal 791.43(03)
100 1# - ENTRADA PRINCIPAL--NOMBRE DE PERSONA
Nombre de persona Mitry, Jean.
9 (RLIN) 81708
245 10 - MENCIÓN DEL TÍTULO
Título Diccionario del cine /
Mención de responsabilidad, etc. Jean Mitry ; adaptación [y traducción] de Ángel Falquina.
250 ## - MENCION DE EDICION
Mención de edición 1ª ed.
260 ## - PUBLICACIÓN, DISTRIBUCIÓN, ETC.
Lugar de publicación, distribución, etc. Barcelona :
Nombre del editor, distribuidor, etc. Plaza y Janés,
Fecha de publicación, distribución, etc. 1970.
300 ## - DESCRIPCIÓN FÍSICA
Extensión 339 p., 18 lám. ;
Dimensiones 18 cm.
650 #4 - PUNTO DE ACCESO ADICIONAL DE MATERIA--TÉRMINO DE MATERIA
Término de materia o nombre geográfico como elemento de entrada Cine-
Subdivisión de forma Diccionarios.
9 (RLIN) 11021
700 1# - ENTRADA AGREGADA--NOMBRE PERSONAL
Nombre de persona Falquina, Angel.
9 (RLIN) 48777
852 ## - LOCALIZACIÓN
Ubicación ES-MaACL
Número de control de estantería C-49215
Holdings
Estatus retirado Estado de pérdida Estado de daño No para préstamo Colección Biblioteca de origen Biblioteca actual Ubicación en estantería Fecha de adquisición Fuente de adquisición Total de préstamos Signatura topográfica completa Código de barras Visto por última vez Precio de reemplazo Tipo de ítem Koha
        Colección de referencia Biblioteca del Ateneo de Madrid Biblioteca del Ateneo de Madrid Depósito 2 17/01/2008     C-49215 1114315 23/02/2023 23/02/2023 Libro impreso